Estadísticas para Formas de Países que Comienzan con C

Haz click aquí para tomar la prueba!

Estadísticas generales

  • Esta prueba ha sido tomada 916 veces
  • La puntuación promedio es 12 de 17

Estadísticas de respuestas

Answer% Correcto
Canadá
97%
Chile
93%
Chipre
91%
Cuba
90%
China
88%
Croacia
84%
Colombia
75%
Chad
73%
Comoras
64%
Camerún
63%
Corea del Sur
56%
Costa Rica
54%
Corea del Norte
54%
Cabo Verde
52%
Camboya
47%
Costa de Marfil
45%
Catar
42%

Distribución de puntuación

Porcentaje por número respondido

Porcentaje de gente con cada puntuación

Historial de tus puntuaciones

No has tomado esta prueba